书目信息 |
| 题名: |
西方传媒内容监管机制的历史考察
|
|
| 作者: | 黄春平 著 | |
| 分册: | ||
| 出版信息: | 北京 社会科学文献出版社 2012 |
|
| 页数: | 264页 | |
| 开本: | 24cm | |
| 丛书名: | 深圳大学学术文库 | |
| 单 册: | ||
| 中图分类: | G219.19 | |
| 科图分类: | ||
| 主题词: | 传播媒介--Chuan Bo Mei Jie--监管制度--历史--研究--西方国家 | |
| 电子资源: | ||
| ISBN: | 978-7-5097-3257-1 | |
| 000 | 01201nam0 22002771 450 | |
| 001 | 349981 | |
| 005 | 20161010091506.35 | |
| 010 | @a978-7-5097-3257-1@dCNY49.00 | |
| 100 | @a20120628d2012 em y0chiy50 ea | |
| 101 | 0 | @achi@eeng |
| 102 | @aCN@b110000 | |
| 105 | @ay z 000yy | |
| 106 | @ar | |
| 200 | 1 | @a西方传媒内容监管机制的历史考察@AXi Fang Chuan Mei Nei Rong Jian Guan Ji Zhi De Li Shi Kao Cha@dHistorical survey of the western meida content regulation mechanism@f黄春平著@zeng |
| 210 | @a北京@c社会科学文献出版社@d2012 | |
| 215 | @a264页@d24cm | |
| 225 | 2 | @a深圳大学学术文库@AShen Zhen Da Xue Xue Shu Wen Ku |
| 300 | @a深圳大学学术著作出版基金资助 | |
| 330 | @a本书考察了印刷、电子、网络三类媒介的最初内容监管机制,内容包括:西方传媒内容监管的源流、印刷媒介的内容监管机制、广播媒介的内容监管机制、电影媒介的内容监管机制等八章。 | |
| 461 | 0 | @12001 @a深圳大学学术文库 |
| 510 | 1 | @aHistorical survey of the western meida content regulation mechanism@zeng |
| 606 | 0 | @a传播媒介@AChuan Bo Mei Jie@x监管制度@x历史@x研究@x西方国家 |
| 690 | @aG219.19@v5 | |
| 701 | 0 | @a黄春平@AHuang Chun Ping@c(新闻学)@4著 |
| 801 | 0 | @aCN@bTANGWEI@20160802 |
| 905 | @b0887730-4@dG219.19@e643@f5 | |
| 西方传媒内容监管机制的历史考察=Historical survey of the western meida content regulation mechanism/黄春平著.-北京:社会科学文献出版社,2012 |
| 264页;24cm.-(深圳大学学术文库) |
| 深圳大学学术著作出版基金资助 |
| ISBN 978-7-5097-3257-1:CNY49.00 |
| 本书考察了印刷、电子、网络三类媒介的最初内容监管机制,内容包括:西方传媒内容监管的源流、印刷媒介的内容监管机制、广播媒介的内容监管机制、电影媒介的内容监管机制等八章。 |
| ● |
| 相关链接 |
|
|
|
|
正题名:西方传媒内容监管机制的历史考察
索取号:G219.19/643
 
预约/预借
| 序号 | 登录号 | 条形码 | 馆藏地/架位号 | 状态 | 备注 |
| 1 | 0887730 | 208877303 | 第一样本阅览室/ [索取号:G219.19/643] | 在馆 | |
| 2 | 0887731 | 208877312 | 第四借阅区/ [索取号:G219.19/643] | 在馆 | |
| 3 | 0887732 | 208877321 | 第四借阅区/ [索取号:G219.19/643] | 在馆 | |
| 4 | 0887733 | 208877330 | 第四借阅区/ [索取号:G219.19/643] | 在馆 | |
| 5 | 0887734 | 208877349 | 第四借阅区/ [索取号:G219.19/643] | 在馆 |